| 000 | 00889nam a22002297a 4500 | ||
|---|---|---|---|
| 005 | 20120112143825.0 | ||
| 008 | 120112t xxu||||| |||| 00| 0 mar d | ||
| 010 | _aMAR-21851 | ||
| 020 |
_a8174340025 _c100.00 |
||
| 035 | _aMR-14509 | ||
| 037 | _bDBAD/PUB | ||
| 040 |
_aDPL _bMR |
||
| 082 | _a920 | ||
| 100 |
_aकर्दळ,आशा _939079 |
||
| 245 |
_aमदर तेरेसा / _cआशा कर्दळ |
||
| 246 |
_aMother Teresa _bby Asha Kardale |
||
| 260 |
_aपुणे _bराजहंस प्रकाशन _c2011 |
||
| 270 |
_a1025,सदाशिव पेठ, _bपुणे _e411030 |
||
| 300 |
_a90पृ. _c21सेमी(अजिल्द) |
||
| 942 |
_2ddc _cMR _h920 _mतेरेसा |
||
| 999 |
_c60886 _d60886 |
||